| 000 | 01288nam a2200313 a 4500 | ||
|---|---|---|---|
| 001 | ebr10492615 | ||
| 003 | CaPaEBR | ||
| 006 | m u | ||
| 007 | cr cn||||||||| | ||
| 008 | 110921s2008 ts a sb 000 0 eng d | ||
| 020 | _z9781608052073 | ||
| 040 |
_aCaPaEBR _cCaPaEBR |
||
| 035 | _a(OCoLC)759158473 | ||
| 050 | 1 | 4 |
_aRS403 _b.F76 2008eb |
| 245 | 0 | 0 |
_aFrontiers in medicinal chemistry. _nVolume 4 _h[electronic resource] / _cco-editors, Atta-Ur-Rahman, Allen B. Reitz, M. Iqbal Choudhary. |
| 260 |
_a[Sharjah, United Arab Emirates] : _bBentham Science Publishers Ltd., _c2008. |
||
| 300 |
_axiii, 882 p. : _bill. |
||
| 490 | 0 |
_aFrontiers in medicinal chemistry, _x1567-2042 ; _vv. 4 |
|
| 500 | _aCover title. | ||
| 504 | _aIncludes bibliographical references. | ||
| 533 |
_aElectronic reproduction. _bPalo Alto, Calif. : _cebrary, _d2013. _nAvailable via World Wide Web. _nAccess may be limited to ebrary affiliated libraries. |
||
| 650 | 0 | _aPharmaceutical chemistry. | |
| 655 | 7 |
_aElectronic books. _2local |
|
| 700 | 1 | _aRahman, Atta-ur. | |
| 700 | 1 | _aReitz, Allen B. | |
| 700 | 1 | _aChoudhary, M. Iqbal. | |
| 710 | 2 | _aebrary, Inc. | |
| 856 | 4 | 0 |
_uhttp://site.ebrary.com/lib/rucke/Doc?id=10492615 _zAn electronic book accessible through the World Wide Web; click to view |
| 999 |
_c125914 _d125914 |
||